PHP programujeme profesionálně

Saved in:
Bibliographic Details
Format: Book
Language:Czech
Published: Praha Computer Press 2002
Edition:2. opravené a aktualiz. vyd.
Series:Internet
Subjects:
Tags: Add Tag
No Tags, Be the first to tag this record!

MARC

LEADER 00000nam$a2200000$$$4500
001 0013195
005 20240201121755.8
020 |a 80-7226-310-2 
041 0 |a cze 
044 |a CZ 
245 1 0 |a PHP programujeme profesionálně 
250 |a 2. opravené a aktualiz. vyd. 
264 1 |a Praha  |b Computer Press  |c 2002 
300 |a xxiv, 656 s.  |e 1 CD-ROM 
490 1 |a Internet 
830 0 |a Internet 
500 |a CD-ROM obsahuje PHP3 a PHP4, Apache, MySQL, editory www-stránok, príklady z knihy a prílohy 
610 2 0 |a programovanie počítačov 
610 2 0 |a programy počítačové